LEADER 01222nam a2200301 i 4500 001 000000188095 003 CaOOAMICUS 005 20100331000000.0 008 100331s2004 it u000 u ita u 013 $a166226 020 $a88-215-2757-3 040 $aSeMil$bita 100 1 $aSanna, Ignazio,$d<1942- >.$0(OLS)http://semarc/name/6364 245 10$aChiamati per nome :$bantropologia teologica /$cIgnazio Sanna. 250 $a3. ed. 260 $aCinisello Balsamo :$bSan Paolo,$c2004 (copyr. 1994) 300 $a442 p. ;$c22 cm. 490 0 $aUniverso teologia ;$v25. 500 $aContiene : Bibliografia. 650 4$aAntropologia teologica.$0(OLS)http://semarc/subject/2114 650 4$aUomo - Teologia.$0(OLS)http://semarc/subject/5607 830 0$aUniverso teologia ;$v25.$0(OLS)http://semarc/title/224 850 $aSeMil 852 $aSeMil$W1$xVenegono$y1$m2D VII 102$j262168$B138769$CSeMilBibl$Z2$F150280 $81 961 $aLascito: Garavaglia Abramo 996 $6020$a88-215-2757-3$9(OLS)http://semarc/number/178581 996 $6245$aChiamati per nome :$bantropologia teologica$9(OLS)http://semarc/title/270618 996 $6260$aCinisello Balsamo :$bSan Paolo$9(OLS)http://semarc/publisher/30129 LEADER 00939nam a2200217 i 4500 001 000000068894 003 CaOOAMICUS 005 20100812000000.0 008 100812n it u000 u ita u 013 $a40066 040 $aSeMil$bita 100 1 $aBerdjaev, Nikolaj Aleksandrovic,$d<1874-1948>.$0(OLS)http://semarc/name/21183 245 13$aIl cristianesimo e la vita sociale /$cNicolas Berdiaeff ; con prefazione di Edmondo Cione. 300 $aXV, 126 p. ;$c21 cm. 490 0 $aBiblioteca di cultura moderna ;$v279 650 4$aCristianesimo - Vita sociale - Sec. 20.$0(OLS)http://semarc/subject/13645 700 1 $aCione, Edmondo.$0(OLS)http://semarc/name/7023 830 0$aBiblioteca di cultura moderna ;$v279.$0(OLS)http://semarc/title/639 850 $aSeMil 852 $aSeMil$W1$xVenegono$y1$m2O IV 182$j35047$B35047$CSeMilBibl$Z2$F35050 $81 996 $6245$aIl cristianesimo e la vita sociale$9(OLS)http://semarc/title/110184